000 01177cam a2200289 4500
008 970403 1993
020 _a0854065431
035 _a(Sirsi) u55998
041 0 _aeng
050 0 4 _a690.241 $2 18
090 _aRICS 1993/1ABCD
100 1 _aSwindells, David J.
245 0 2 _aA checklist for the structural survey of period timber framed buildings
260 _aLondon
_bRICS
_c1993
300 _a39p.
_bill.
_c30cm.
350 _a14.95
490 0 _aRICS Guidance Note
520 _aProvides a logical method of carrying out inspections and helps identify less familiar construction techniques and problems.
520 _aWithdrawn July 2007. Under review 1 August 2006.
651 4 _aEngland and Wales
_y1543-
690 _aBUILT ENVIRONMENT-BUILDING ELEMENTS-COMPLETE BUILDING ELEMENTS-FRAMES
700 1 _aHutchings, Malcolm
710 2 _aRoyal Institution of Chartered Surveyors
_bBuilding Conservation Group
_94497
856 4 1 _uhttps://www.rics.org/uk/products/knowledge-and-information-services/
_zPlease email [email protected] to request a digital copy, also available on iSurv
942 _n0
_2ddc
948 _c04/03/1997
999 _c93700
_d93700